Declaración ecuménica sobre los Tratados de Libre Comercio

Guardat en:
Dades bibliogràfiques
Format: Text
Matèries:
Etiquetes: Afegir etiqueta
Sense etiquetes, Sigues el primer a etiquetar aquest registre!

MARC

LEADER 00000 a a2200000 04500
001 11830
003
040
245 |a Declaración ecuménica sobre los Tratados de Libre Comercio  
650 |a CAPITAL  
650 |a DESARROLLO HUMANO  
650 |a DERECHOS HUMANOS  
650 |a CONDICIONES DE TRABAJO  
650 |a ALIVIO DE LA POBREZA  
773 |g número 122; páginas 48-50  
999 |c 30991  |d 30991